000 00297nam a2200109Ia 4500
008 220204s9999 xx 000 0 und d
082 _a330.342.141
_bSTA
100 _aSTADNICHENKO, A
245 0 _aMonetary crisis of capitalism: Origin development
260 _aMoscow
_bProgress
_c1975
942 _cBK
999 _c26162
_d26162